Statistics for Country Shape Quiz #3

Click here to take the quiz!

General Stats

  • This quiz has been taken 110,125 times
    (110,097 since last reset)
  • The average score is 10 of 16

Answer Stats

Answer % Correct
Germany
83%
Somalia
79%
Thailand
79%
Sweden
77%
Cyprus
74%
Madagascar
72%
Croatia
69%
Mongolia
66%
Portugal
66%
Iran
62%
Ukraine
58%
Peru
56%
Chad
52%
D.R. Congo
48%
Bangladesh
47%
Haiti
40%

Score Distribution

Percentile by Number Answered

Percent of People with Each Score

Your Score History

You have not taken this quiz since the last reset